000
00344nam a2200157Ia 4500
005
20250423101208.0
008
250422s9999 xx 000 0 und d
020
_a
978-0-43590967-3
100
_a
Head, Bessie
245
4
_a
The cardinals
260
_b
Heinemann
260
_c
1995
300
_a
141 p
650
_a
Literature
942
_c
BK
999
_c
35578
_d
35578